[Event "BL 2016-17"]
[Site "Germany"]
[Date "2017.02.19"]
[Round "8"]
[White "Muse, Drazen"]
[Black "Spitzl, Vinzent"]
[Result "1/2-1/2"]
[WhiteElo "2355"]
[BlackElo "2210"]
[Annotator "NA"]
[PlyCount "158"]
[EventDate "2017.??.??"]
[EventType "team-tourn"]
[EventCountry "GER"]
[TimeControl "40/6000+30:3000+30"]

1. d4 {[%emt 0:00:00]} d5 {[%emt 0:00:10]} 2. c4 {[%emt 0:00:04]} e6 {[%emt 0:00:10]} 3. Nf3 {[%emt 0:00:07]} Nf6 {[%emt 0:00:53]} 4. Nc3 {[%emt 0:00:12]} Bb4 {[%emt 0:00:43]} 5. e3 {[%emt 0:02:20]} O-O {[%emt 0:01:35]} 6. Bd3 {[%emt 0:01:46]} b6 {[%emt 0:02:31]} 7. O-O {[%emt 0:01:05]} Bb7 {[%emt 0:04:18]} 8. cxd5 {[%emt 0:00:23]} exd5 {[%emt 0:04:23]} 9. a3 {[%emt 0:04:24]} Bxc3 {[%emt 0:08:09]} 10. bxc3 {[%emt 0:02:35]} Ba6 {[%emt 0:03:09]} 11. Bxa6 {[%emt 0:03:19]} Nxa6 {[%emt 0:00:02]} 12. Qa4 {[%emt 0:00:36]} Qc8 {[%emt 0:05:55]} 13. c4 {[%emt 0:00:49]} c5 {[%emt 0:04:09]} 14. cxd5 {[%emt 0:00:20]} cxd4 {[%emt 0:08:35]} 15. Qxd4 {[%emt 0:01:20]} Qc5 {[%emt 0:02:31]} 16. Qd3 {[%emt 0:01:26]} b5 {[%emt 0:06:26]} 17. e4 {[%emt 0:07:34]} Qc4 {[%emt 0:01:57]} 18. Qxc4 {[%emt 0:00:04]} bxc4 {[%emt 0:00:18]} 19. Ne5 {[%emt 0:00:02]} Nxe4 {[%emt 0:01:51]} 20. Nxc4 {[%emt 0:02:17]} Rfd8 {[%emt 0:10:06]} 21. Be3 {[%emt 0:03:32]} Rxd5 {[%emt 0:04:13]} 22. Rfd1 {[%emt 0:04:06]} Nc3 {[%emt 0:03:10]} 23. Rxd5 {[%emt 0:02:38]} Nxd5 {[%emt 0:00:03]} 24. Bd4 {[%emt 0:00:23]} Nac7 {[%emt 0:01:30]} 25. Rd1 {[%emt 0:00:43]} h6 {[%emt 0:03:30]} 26. g3 {[%emt 0:01:31]} a6 {[%emt 0:04:45]} 27. Nd6 {[%emt 0:04:14]} Nb5 {[%emt 0:04:09]} 28. Nxb5 {[%emt 0:02:52]} axb5 {[%emt 0:00:13]} 29. Bxg7 {[%emt 0:00:13]} Kxg7 {[%emt 0:00:39]} 30. Rxd5 {[%emt 0:00:04]} Rxa3 {[%emt 0:00:09]} 31. Rxb5 {[%emt 0:00:02]} Kg6 {[%emt 0:00:45]} 32. Kg2 {[%emt 0:00:42]} h5 {[%emt 0:03:06]} 33. Rb4 {[%emt 0:01:31]} f6 {[%emt 0:01:47]} 34. Rf4 {[%emt 0:00:55]} Rb3 {[%emt 0:01:16]} 35. Kh3 {[%emt 0:00:17]} Kg5 {[%emt 0:01:37]} 36. Ra4 {[%emt 0:00:14]} Rb2 {[%emt 0:01:05]} 37. f4+ {[%emt 0:10:27]} Kg6 {[%emt 0:01:21]} 38. Ra1 {[%emt 0:00:10]} Rf2 {[%emt 0:10:49]} 39. Rh1 {[%emt 0:00:17]} Kh6 {[%emt 0:03:08]} 40. Kh4 {[%emt 0:00:12]} Kg6 {[%emt 0:50:27]} 41. h3 {[%emt 0:50:07]} Ra2 {[%emt 0:00:45]} 42. Rb1 {[%emt 0:00:07]} Ra5 {[%emt 0:00:20]} 43. Rb8 {[%emt 0:00:11]} Rf5 {[%emt 0:00:00]} 44. Rg8+ {[%emt 0:00:00]} Kh7 {[%emt 0:00:00]} 45. Ra8 {[%emt 0:00:00]} Kg6 {[%emt 0:00:00]} 46. Ra6 {[%emt 0:00:00]} Kh6 {[%emt 0:00:00]} 47. Ra4 {[%emt 0:00:00]} Rb5 {[%emt 0:00:00]} 48. Ra6 {[%emt 0:00:00]} Rf5 {[%emt 0:00:00]} 49. Ra4 {[%emt 0:00:00]} Rb5 {[%emt 0:00:00]} 50. g4 {[%emt 0:00:00]} hxg4 {[%emt 0:00:00]} 51. hxg4 {[%emt 0:00:00]} Rb1 {[%emt 0:00:00]} 52. Ra6 {[%emt 0:00:00]} Kg7 {[%emt 0:00:00]} 53. Rd6 {[%emt 0:00:00]} Ra1 {[%emt 0:00:00]} 54. Kg3 {[%emt 0:00:00]} Ra3+ {[%emt 0:00:00]} 55. Kf2 {[%emt 0:00:00]} Rb3 {[%emt 0:00:00]} 56. Re6 {[%emt 0:00:00]} Kf7 {[%emt 0:00:00]} 57. Ra6 {[%emt 0:00:00]} Kg7 {[%emt 0:00:00]} 58. Re6 {[%emt 0:00:00]} Kf7 {[%emt 0:00:00]} 59. f5 {[%emt 0:00:00]} Kg7 {[%emt 0:00:00]} 60. Re3 {[%emt 0:00:00]} Rb7 {[%emt 0:00:00]} 61. Kg3 {[%emt 0:00:00]} Ra7 {[%emt 0:00:00]} 62. Kh4 {[%emt 0:00:00]} Kf7 {[%emt 0:00:00]} 63. Rb3 {[%emt 0:00:00]} Rc7 {[%emt 0:00:00]} 64. Kh5 {[%emt 0:00:00]} Kg7 {[%emt 0:00:00]} 65. Rb6 {[%emt 0:00:00]} Ra7 {[%emt 0:00:00]} 66. g5 {[%emt 0:00:00]} fxg5 {[%emt 0:00:00]} 67. Kxg5 {[%emt 0:00:00]} Kf7 {[%emt 0:01:50]} 68. Rf6+ {[%emt 0:00:00]} Kg7 {[%emt 0:00:56]} 69. Rg6+ {[%emt 0:00:00]} Kf7 {[%emt 0:00:33]} 70. Rh6 {[%emt 0:00:00]} Ra1 {[%emt 0:00:37]} 71. Rh7+ {[%emt 0:00:00]} Kg8 {[%emt 0:00:21]} 72. Rb7 {[%emt 0:00:00]} Ra6 {[%emt 0:00:11]} 73. Rc7 {[%emt 0:00:00]} Kf8 {[%emt 0:00:37]} 74. Rh7 {[%emt 0:00:00]} Kg8 {[%emt 0:00:31]} 75. Re7 {[%emt 0:00:00]} Kf8 $11 {[%emt 0:00:28]} 76. Re4 {[%emt 0:00:00]} Kf7 {[%emt 0:00:50]} 77. Rc4 {[%emt 0:00:00]} Rb6 {[%emt 0:00:53]} 78. Rc7+ {[%emt 0:00:00]} Kf8 {[%emt 0:00:05]} 79. Rd7 {[%emt 0:00:00]} Ra6 {[%emt 0:00:39]} 1/2-1/2

[Event "BL 2016-17"]
[Site "Germany"]
[Date "2017.02.19"]
[Round "8"]
[White "Gerigk, Erasmus"]
[Black "Lampert, Jonas"]
[Result "0-1"]
[WhiteElo "2354"]
[BlackElo "2504"]
[Annotator "TA"]
[PlyCount "162"]
[EventDate "2017.??.??"]
[EventType "team-tourn"]
[EventCountry "GER"]
[SourceTitle "playchess.com"]
[Source "ChessBase"]
[SourceQuality "1"]
[WhiteTeam "Zugzwang München"]
[BlackTeam "Hamburger SK"]

{[%evp 16,162,22,0,1,0,0,0,3,0,5,8,16,5,15,9,24,0,0,0,0,0,0,-2,0,0,0,-8,-4,-10,3,-20,-22,-19,0,-78,-75,-102,-18,-20,-18,-20,-16,-62,-43,-93,-102,-215,-161,-143,-148,-275,-168,-167,-137,-139,-61,-47,-12,-12,-12,-12,-6,-9,-8,-8,0,0,0,-17,0,0,0,-8,0,0,0,0,0,0,0,0,0,-125,-123,-125,-125,-125,-56,-125,-125,-148,-148,-148,-148,-148,-148,-185,-81,-192,-81,-192,-192,-192,-185,-192,-185,-185,-185,-192,-192,-399,-392,-369,-254,-273,-106,-804,-96,-29960,-29969,-109,-4244,-97,-81,-1975,-29972,-29969,-81,-81,0,-104,-74,-74,-74,-81,-81,-81,-81,-81,-81,-81,-81,-29983,-29984,-29987,-29988,-29988,-29989]} 1. e4 e5 2. Nf3 Nc6 3. Bc4 Nf6 4. d3 Bc5 5. c3 O-O 6. O-O d5 7. exd5 Nxd5 8. Nbd2 Nb6 9. b4 {LiveBook: 4 Games} Be7 10. b5 Na5 11. Nxe5 {The position is equal.} Naxc4 12. Ndxc4 Qd5 13. a4 Nxc4 14. Nxc4 Bf5 15. Ne3 Qxd3 16. Nxf5 Qxf5 17. Be3 Bd6 18. Qb3 Rfe8 19. Rad1 Re4 20. Rd5 Qe6 21. Rfd1 Re8 22. c4 $1 f5 {[%cal Bf7f5,Bf5f4,Bf4f3][%mdl 32]} 23. Qd3 f4 24. Bd2 f3 {White must now prevent ...fxg2.} 25. g3 ({Not} 25. gxf3 $2 {[#]} Qh3 $1 {[%mdl 512]} 26. Rxd6 cxd6 27. Qd5+ Kh8 28. fxe4 Qg4+ 29. Kf1 Qxd1+ 30. Kg2 Qg4+ 31. Kf1 Rxe4 $19) (25. c5 $1 $11 {remains equal.} Be5 26. Rd8 (26. gxf3 $2 Rh4 27. Be3 Qh3 28. Rxe5 Qxh2+ 29. Kf1 Qxe5 30. Qd5+ Qxd5 31. Rxd5 Rxa4 $19)) 25... Rf8 $36 {[%mdl 2048] White is under strong pressure.} 26. Be3 {[#]} Qh3 (26... Rxe3 $1 $17 {[%mdl 512]} 27. fxe3 (27. Qxe3 Qh3) 27... Qg4) 27. Qf1 $11 Qxf1+ 28. Kxf1 Rxc4 29. R1d4 (29. a5 $11) 29... Rxd4 30. Bxd4 $15 {[%mdl 4096] Endgame KRB-KRB} (30. Rxd4 $15 a6 31. bxa6) 30... b6 $17 31. a5 (31. Be3 $17 {was called for.}) 31... Kf7 32. axb6 axb6 33. Ke1 (33. Rh5 $17) 33... g6 34. Kd2 Re8 35. Kd3 h6 (35... Re1 $17 36. h4 h6) 36. Be3 $1 $15 Ke6 37. Ke4 Ra8 38. Bxh6 Ra4+ 39. Rd4 Ra5 40. Rd5 Ra4+ 41. Rd4 Ra5 42. Rd5 Bc5 (42... Ra4+ $5 43. Rd4 $8 $11) 43. Re5+ Kf7 44. Rd5 Ke6 {Hoping for ...Ra4+.} 45. Re5+ Kf6 46. Bg5+ Kf7 47. Rd5 Rxb5 48. Rd7+ Ke6 49. Rxc7 (49. Rg7 $1 $11) 49... Bd6 $17 50. Rb7 Rxg5 51. Rxb6 {KRB-KR} Rf5 ({Black should try} 51... Rh5 $17 52. h4 Rf5) 52. Rc6 (52. Rb3 $15) 52... Rh5 $1 53. Kxf3 Rxh2 54. Rc2 Kf5 55. Rd2 Be5 56. Ra2 g5 (56... Rh1 $19 57. g4+ Ke6 58. Ra6+ Bd6) 57. Ra4 (57. Ra6 $17 Bc3 58. Rd6) 57... Rh8 (57... Rh1 $1 $19 58. g4+ Ke6 59. Ra6+ Bd6) 58. Re4 (58. Kg2 $17) 58... Rd8 {aiming for ...Rd3+.} 59. Re2 Bd4 60. Re4 Bc5 61. Rc4 Bd4 62. Rc7 Rb8 63. Kg2 $2 (63. Rf7+ Bf6 64. Ke2) 63... Rb2 $19 64. Rf7+ Ke4 65. Kf1 g4 $2 (65... Ke5 $19 {has better winning chances. Threatens to win with ...Ke4.} 66. g4 Rb1+ 67. Kg2 Ke6) 66. Rf4+ $17 Kd3 $1 {...Rxf2+! is the strong threat.} 67. Rxg4 Rxf2+ 68. Ke1 Rf3 {( -> ...Bc3+)} 69. Rf4 Bc3+ 70. Kd1 Re3 {[%csl Gc3][%cal Re3e1]} ({Weaker is} 70... Rxg3 71. Rf1 $15) 71. Rf1 {[#]} Bd4 $2 (71... Bd2 $1 {mates} 72. g4 Re2 73. g5 Be3 74. Rf7 Ra2 75. Rd7+ Bd4 76. Rc7 Rg2 77. Re7 Rd2+ 78. Ke1 Rb2 79. Kf1 Rf2+ 80. Ke1 Rf5 81. Kd1 Ra5 82. Rc7 Rxg5 83. Re7 Rg2 84. Re8 Rh2 85. Re7 Rb2 86. Rc7 Rg2 87. Re7 Ra2 88. Rc7 Rh2 89. Re7 Rb2 90. Rc7 Rg2 91. Re7 Ra2 92. Rc7 Rh2 93. Re7) 72. Rf2 Bc3 {[%csl Gc3][%cal Re3e1]} 73. Rf1 Re5 74. Rf3+ Kc4 75. Rf8 Re1+ 76. Kc2 Re2+ 77. Kd1 Rd2+ 78. Kc1 Ra2 79. Rc8+ $2 {[%mdl 8192] [#]} (79. Rf4+ $17 Bd4 80. Rf3) 79... Kd3 $1 {[%cal Ra2a1] Black mates.} 80. Rd8+ Bd4 {[%cal Ra2a1]} 81. Rb8 Rg2 0-1

[Event "BL 2016-17"]
[Site "St. Veit/Glan"]
[Date "2017.03.26"]
[Round "8"]
[White "Baenziger, Fabian"]
[Black "Kvetny, Mark"]
[Result "1-0"]
[WhiteElo "2341"]
[BlackElo "2372"]
[Annotator "ChessBase"]
[PlyCount "87"]
[EventDate "2017.??.??"]
[EventType "team-tourn"]
[EventCountry "AUT"]
[SourceTitle "playchess.com"]
[Source "ChessBase"]
[SourceQuality "1"]
[BlackTeam "Götzis"]
[TimeControl "40/5400+30:1800+30"]

1. d4 {[%emt 0:00:00]} d5 {[%emt 0:00:14]} 2. c4 {[%emt 0:00:58]} e6 {[%emt 0:00:17]} 3. Nf3 {[%emt 0:00:35]} dxc4 {[%emt 0:00:24]} 4. Nc3 {[%emt 0:04:39]} a6 {[%emt 0:02:58]} 5. a4 {[%emt 0:01:30]} Nc6 {[%emt 0:05:16]} 6. e4 {[%emt 0:09:49]} Na5 {[%emt 0:00:53]} 7. Be3 {[%emt 0:00:49]} Nf6 {[%emt 0:05:24]} 8. Nd2 {[%emt 0:04:35]} Bb4 {[%emt 0:10:17]} 9. f3 {[%emt 0:00:50]} c5 {[%emt 0:03:53]} 10. Nxc4 {[%emt 0:05:05]} cxd4 {[%emt 0:06:53]} 11. Bxd4 {[%emt 0:01:07]} Nxc4 {[%emt 0:03:31]} 12. Bxc4 {[%emt 0:00:06]} Qc7 {[%emt 0:00:26]} 13. Qe2 {[%emt 0:13:27]} e5 {[%emt 0:04:31]} 14. Be3 {[%emt 0:02:32]} Bxc3+ 15. bxc3 {[%emt 0:00:13]} Bd7 {[%emt 0:09:06]} 16. O-O {[%emt 0:02:08]} Rc8 {[%emt 0:01:37]} 17. Bd3 {[%emt 0:00:07]} Be6 {[%emt 0:09:02]} 18. Rab1 {[%emt 0:02:44]} O-O {[%emt 0:03:11]} 19. Rfc1 {[%emt 0:02:47]} Nd7 {[%emt 0:01:13]} 20. Qf2 {[%emt 0:00:06]} Qc6 {[%emt 0:05:59]} 21. c4 {[%emt 0:05:44]} Rc7 {[%emt 0:04:47]} 22. a5 {[%emt 0:01:14]} Rfc8 {[%emt 0:01:22]} 23. f4 {[%emt 0:11:00]} f6 {[%emt 0:02:14]} 24. f5 {[%emt 0:05:20]} Bf7 {[%emt 0:00:09]} 25. c5 {[%emt 0:00:04]} Qa4 {[%emt 0:02:41]} 26. Rc2 {[%emt 0:03:20]} Qxa5 {[%emt 0:01:43]} 27. Rbc1 {[%emt 0:00:19]} Nb8 {[%emt 0:04:56]} 28. Rc3 {[%emt 0:05:29]} Qa4 {[%emt 0:02:53]} 29. g4 {[%emt 0:03:57]} Rd7 {[%emt 0:03:00]} 30. g5 {[%emt 0:00:53]} Rcd8 {[%emt 0:00:37]} 31. Qe2 {[%emt 0:02:29]} Nc6 {[%emt 0:02:44]} 32. gxf6 {[%emt 0:00:18]} gxf6 {[%emt 0:00:04]} 33. Kf2 {[%emt 0:02:52]} Kf8 {[%emt 0:00:44]} 34. Bc4 {[%emt 0:04:11]} Nd4 {[%emt 0:00:46]} 35. Qg4 {[%emt 0:01:40]} Re7 {[%emt 0:03:25]} 36. Qh4 {[%emt 0:03:55]} Bxc4 {[%emt 0:00:37]} 37. Qxf6+ {[%emt 0:00:01]} Ke8 {[%emt 0:00:33]} 38. Bg5 {[%emt 0:00:24]} Nc6 {[%emt 0:00:28]} 39. Rxc4 {[%emt 0:00:07]} Qa2+ 40. R1c2 {[%emt 0:00:00]} Qb1 {[%emt 0:00:54]} 41. Qh8+ {[%emt 0:01:26]} Kd7 {[%emt 0:00:53]} 42. Rd2+ {[%emt 0:00:05]} Kc7 {[%emt 0:01:14]} 43. Rxd8 {[%emt 0:00:20]} Qa2+ {[%emt 0:00:12]} 44. Rd2 {[%emt 0:00:16]} 1-0

[Event "BL 2016-17"]
[Site "St. Veit/Glan"]
[Date "2017.03.26"]
[Round "8"]
[White "Wallner, Joachim"]
[Black "Repkova, Eva"]
[Result "1/2-1/2"]
[WhiteElo "2322"]
[BlackElo "2328"]
[Annotator "NA"]
[PlyCount "64"]
[EventDate "2017.??.??"]
[EventType "team-tourn"]
[EventCountry "AUT"]
[SourceTitle "playchess.com"]
[Source "ChessBase"]
[SourceQuality "1"]
[WhiteTeam "Wulkaprodersdorf"]
[BlackTeam "Bregenz"]
[TimeControl "40/5400+30:1800+30"]

1. b3 {[%emt 0:00:00]} e5 {[%emt 0:01:59]} 2. Bb2 {[%emt 0:00:00]} Nc6 {[%emt 0:00:27]} 3. e3 {[%emt 0:00:06]} d5 {[%emt 0:02:20]} 4. Bb5 {[%emt 0:00:11]} f6 {[%emt 0:01:27]} 5. f4 {[%emt 0:07:39] A01: Nimzowitsch-Larsen Opening} (5. d4 e4 6. Be2 f5 7. c4 Nf6 8. Nc3 Be6 9. Nh3 Bf7 10. a3 h6 11. Nf4 Ne7 12. h4 c6 13. h5 {1-0 (33) Barbosa,O (2579)-Dzhumaev,M (2557) Bangkok 2014}) 5... exf4 {[%emt 0:01:53]} 6. exf4 {[%emt 0:00:04]} Qe7+ {[%emt 0:00:03]} 7. Qe2 {[%emt 0:01:22]} Bg4 $146 {[%emt 0:01:41]} (7... Bd7 8. Nc3 Qxe2+ 9. Ngxe2 Nge7 10. O-O-O a6 11. Bxc6 Bxc6 12. Nd4 Bd7 {½-½ (29) Dumpor,A (2404)-Bozanic,I (2270) Split 2010}) 8. Bxc6+ {[%emt 0:01:05]} bxc6 {[%emt 0:00:36]} 9. Qxe7+ {[%emt 0:00:18]} Bxe7 {[%emt 0:03:09]} 10. h3 {[%emt 0:05:45]} Bh5 {[%emt 0:02:32]} 11. Ne2 {[%emt 0:05:05]} Bd6 {[%emt 0:01:02]} 12. g4 {[%emt 0:00:23]} Bg6 {[%emt 0:00:23]} 13. d3 {[%emt 0:02:28]} ({White should try} 13. f5 $11 Bf7 14. Nbc3) 13... Kd7 {[%emt 0:03:17]} 14. Nd2 {[%emt 0:00:16]} ({Better is} 14. Nbc3 $11) 14... Re8 {[%emt 0:00:22]} 15. Kf2 {[%emt 0:01:06]} h5 {[%emt 0:00:59]} 16. Nf3 {[%emt 0:03:54]} Nh6 {[%emt 0:00:59]} 17. Nh4 {[%emt 0:05:34]} Bh7 {[%emt 0:02:51]} 18. gxh5 {[%emt 0:04:11]} Nf5 {[%emt 0:01:39]} 19. Nxf5 {[%emt 0:02:16]} Bxf5 {[%emt 0:00:09]} 20. Ng3 {[%emt 0:02:47]} Be6 {[%emt 0:00:40]} 21. Kf3 {[%emt 0:01:47]} d4 {[%emt 0:02:12]} 22. Rhg1 {[%emt 0:10:30]} c5 {[%emt 0:06:54]} ({But not} 22... Bxh3 23. Bxd4 c5 24. Bc3 $14) 23. Rae1 {[%emt 0:09:30]} Bxh3 {[%emt 0:03:38]} 24. Rxe8 {[%emt 0:00:56]} Rxe8 {[%emt 0:00:15]} 25. Ne4 {[%emt 0:00:26]} Re7 $1 {[%emt 0:07:57]} 26. h6 {[%emt 0:00:29]} gxh6 {[%emt 0:01:45]} 27. Nxf6+ {[%emt 0:00:16]} Kc6 {[%emt 0:00:04]} 28. Bc1 {[%emt 0:11:13]} Re6 {[%emt 0:13:14]} 29. Rh1 {[%emt 0:05:23]} Bf5 {[%emt 0:02:34]} 30. Ne4 $11 {[%emt 0:00:41]} Rg6 {[%emt 0:01:20]} 31. Bd2 {[%emt 0:02:01]} Be7 {[%emt 0:01:03]} 32. Kf2 {[%emt 0:02:47]} Bg4 {[%emt 0:01:03]} 1/2-1/2

[Event "BL 2016-17"]
[Site "Germany"]
[Date "2017.02.19"]
[Round "8"]
[White "Buckels, Valentin"]
[Black "Hoffmann, Paul"]
[Result "0-1"]
[WhiteElo "2300"]
[BlackElo "2373"]
[Annotator "TA RC"]
[PlyCount "82"]
[EventDate "2017.??.??"]
[EventType "team-tourn"]
[EventCountry "GER"]
[SourceTitle "playchess.com"]
[Source "ChessBase"]
[SourceQuality "1"]
[WhiteTeam "Mülheim Nord"]
[BlackTeam "TU Dresden"]
[TimeControl "40/6000+30:3000+30"]

1. d4 {[%emt 0:00:00]} Nf6 {[%emt 0:00:05]} 2. c4 {[%emt 0:00:00]} e6 {[%emt 0:00:06]} 3. Nc3 {[%emt 0:00:00]} Bb4 {[%emt 0:00:06]} 4. e3 {[%emt 0:00:00]} O-O {[%emt 0:00:24]} 5. Nge2 {[%emt 0:00:00]} d5 {[%emt 0:01:51]} 6. a3 {[%emt 0:00:00]} Be7 {[%emt 0:00:08]} 7. cxd5 {[%emt 0:00:38]} exd5 {[%emt 0:00:17]} 8. b4 {[%emt 0:00:14]} a5 {[%emt 0:01:03]} 9. b5 {[%emt 0:02:15]} Re8 {[%emt 0:03:50]} 10. Ng3 {[%emt 0:06:46]} c5 {[%emt 0:08:45]} 11. bxc6 {[%emt 0:08:00]} Nxc6 {[%emt 0:00:42]} 12. Be2 {[%emt 0:03:42]} g6 {[%emt 0:06:14]} 13. O-O {[%emt 0:02:01]} Bd6 {[%emt 0:01:55]} 14. Qb3 {[%emt 0:05:06]} h5 {[%emt 0:04:41]} 15. Bf3 {[%emt 0:08:40]} Be6 {[%emt 0:07:40]} 16. Qxb7 {[%emt 0:22:14]} Rc8 {[%emt 0:05:11]} 17. Bd2 {[%emt 0:01:43]} Re7 {[%emt 0:18:39]} 18. Qb3 {[%emt 0:07:30]} h4 {[%emt 0:15:44]} 19. Nge2 {[%emt 0:01:11]} g5 {[%emt 0:00:56]} 20. g3 {[%emt 0:04:49]} Kg7 {[%emt 0:06:44]} 21. Qb5 {[%emt 0:07:01]} Na7 {[%emt 0:08:44]} 22. Qd3 {[%emt 0:03:19]} Qd7 {[%emt 0:00:53]} 23. Bg2 {[%emt 0:08:47]} Bh3 {[%emt 0:05:41]} 24. f4 {[%emt 0:03:14]} Bxg2 {[%emt 0:05:23]} 25. Kxg2 {[%emt 0:03:54]} Rh8 {[%emt 0:00:08]} 26. f5 {[%emt 0:05:18]} Bb8 {[%emt 0:01:31]} 27. Qa6 {[%emt 0:01:05]} Rh6 {[%emt 0:03:31]} 28. Qxa5 {[%emt 0:01:06]} Nc6 {[%emt 0:00:04]} 29. Qb5 {[%emt 0:00:42]} Re8 {[%emt 0:00:50]} 30. e4 {[%emt 0:03:24]} hxg3 {[%emt 0:01:26]} 31. hxg3 {[%emt 0:00:39]} Reh8 {[%emt 0:00:42]} 32. Rh1 {[%emt 0:00:15]} Nxe4 {[%emt 0:01:27]} 33. Nxe4 {[%emt 0:00:32]} Qxf5 {[%emt 0:00:27]} 34. Nf2 {[%emt 0:00:22]} Rh2+ {[%emt 0:00:53]} 35. Rxh2 {[%emt 0:00:05]} Rxh2+ {[%emt 0:00:05]} 36. Kxh2 {[%emt 0:00:04]} Qxf2+ {[%emt 0:00:04]} 37. Kh3 {[%emt 0:03:09]} g4+ {[%emt 0:00:09]} 38. Kxg4 {[%emt 0:00:27]} Nxd4 {[%emt 0:00:22]} 39. Nxd4 Qxg3+ {[%emt 0:00:18]} 40. Kh5 {[%emt 0:00:52]} Qh3+ {[%emt 0:50:26]} 41. Kg5 {[%emt 0:50:03]} f6# {[%emt 0:00:11]} 0-1

[Event "BL 2016-17"]
[Site "St. Veit/Glan"]
[Date "2017.03.26"]
[Round "8"]
[White "Deglmann, Ludwig"]
[Black "Tober, Gerhard"]
[Result "1/2-1/2"]
[WhiteElo "2300"]
[BlackElo "2260"]
[Annotator "NA"]
[PlyCount "59"]
[EventDate "2017.??.??"]
[EventType "team-tourn"]
[EventCountry "AUT"]
[SourceTitle "playchess.com"]
[Source "ChessBase"]
[SourceQuality "1"]
[WhiteTeam "Absam"]
[BlackTeam "St. Valentin"]
[TimeControl "40/5400+30:1800+30"]

1. d4 {[%emt 0:00:00]} Nf6 {[%emt 0:00:30]} 2. c4 {[%emt 0:00:00]} d6 {[%emt 0:00:29]} 3. Nc3 {[%emt 0:00:42]} e5 {[%emt 0:00:19]} 4. d5 {[%emt 0:02:05]} c6 {[%emt 0:03:02]} 5. e4 {[%emt 0:01:32]} Be7 {[%emt 0:00:55]} 6. f3 {[%emt 0:07:47]} Na6 {[%emt 0:06:28]} 7. Be3 {[%emt 0:03:32]} Qa5 {[%emt 0:09:29]} 8. a3 {[%emt 0:15:02]} cxd5 {[%emt 0:08:14]} 9. cxd5 {[%emt 0:02:00]} Bd7 {[%emt 0:18:55]} 10. Bd3 {[%emt 0:15:19]} O-O {[%emt 0:02:05]} 11. b4 {[%emt 0:03:19]} Qd8 {[%emt 0:01:01]} 12. Nge2 {[%emt 0:01:11]} Nh5 {[%emt 0:05:21]} 13. Qd2 $14 {[%emt 0:07:09]} h6 {[%emt 0:04:28]} 14. g4 {[%emt 0:10:11]} Bh4+ {[%emt 0:04:15]} 15. Kf1 {[%emt 0:00:16]} Nf6 {[%emt 0:01:20]} 16. h3 {[%emt 0:03:02]} Nh7 {[%emt 0:01:42]} 17. Kg2 {[%emt 0:01:28]} Re8 {[%emt 0:07:06]} 18. Nb5 {[%emt 0:04:36]} Bxb5 {[%emt 0:03:45]} 19. Bxb5 {[%emt 0:02:26]} Re7 {[%emt 0:00:46]} 20. Bxa6 {[%emt 0:00:41]} bxa6 {[%emt 0:00:06]} 21. Rac1 {[%emt 0:00:12]} Nf8 {[%emt 0:09:14]} 22. Rc6 {[%emt 0:01:09]} a5 {[%emt 0:00:42]} 23. b5 {[%emt 0:01:51]} Ng6 {[%emt 0:01:03]} 24. Rb1 {[%emt 0:03:42]} Rd7 {[%emt 0:00:34]} 25. Qc3 {[%emt 0:00:59]} Bg5 {[%emt 0:00:48]} 26. Bf2 {[%emt 0:01:42]} Bh4 {[%emt 0:01:32]} 27. Be3 {[%emt 0:00:27]} Bg5 {[%emt 0:00:07]} 28. Bf2 {[%emt 0:02:07]} Bh4 {[%emt 0:00:01]} 29. Be3 {[%emt 0:04:11]} Bg5 30. Bf2 1/2-1/2

[Event "BL 2016-17"]
[Site "St. Veit/Glan"]
[Date "2017.03.26"]
[Round "8"]
[White "Hebesberger, Thomas"]
[Black "Kreisl, Robert"]
[Result "0-1"]
[WhiteElo "2299"]
[BlackElo "2426"]
[Annotator "ChessBase"]
[PlyCount "48"]
[EventDate "2017.??.??"]
[EventType "team-tourn"]
[EventCountry "AUT"]
[SourceTitle "playchess.com"]
[Source "ChessBase"]
[SourceQuality "1"]
[WhiteTeam "St. Veit"]
[BlackTeam "Maria Saal"]
[TimeControl "40/5400+30:1800+30"]

1. c4 {[%emt 0:00:00]} e6 {[%emt 0:00:38]} 2. Nf3 {[%emt 0:00:06]} d5 {[%emt 0:01:32]} 3. e3 {[%emt 0:00:11]} Nf6 {[%emt 0:00:05]} 4. b3 {[%emt 0:00:20]} c5 {[%emt 0:00:11]} 5. Bb2 {[%emt 0:00:10]} Nc6 {[%emt 0:00:04]} 6. cxd5 {[%emt 0:00:18]} exd5 {[%emt 0:00:05]} 7. Be2 {[%emt 0:00:06]} d4 {[%emt 0:11:21]} 8. Bb5 {[%emt 0:13:15]} dxe3 {[%emt 0:01:48]} 9. Bxc6+ {[%emt 0:04:38]} bxc6 {[%emt 0:00:18]} 10. dxe3 {[%emt 0:01:03]} Qxd1+ {[%emt 0:00:40]} 11. Kxd1 {[%emt 0:01:54]} Ne4 {[%emt 0:01:10]} 12. Ke1 {[%emt 0:02:08]} c4 {[%emt 0:02:40]} 13. Nfd2 {[%emt 0:11:45]} Bb4 {[%emt 0:18:28]} 14. a3 {[%emt 0:05:13]} Bxd2+ {[%emt 0:03:24]} 15. Nxd2 {[%emt 0:00:03]} Nxd2 {[%emt 0:00:08]} 16. Kxd2 {[%emt 0:01:09]} cxb3 {[%emt 0:00:08]} 17. Bxg7 {[%emt 0:01:19]} Rg8 {[%emt 0:00:42]} 18. Be5 {[%emt 0:08:13]} Bf5 {[%emt 0:02:54]} 19. Kc3 {[%emt 0:08:08]} Bc2 {[%emt 0:00:45]} 20. g3 {[%emt 0:06:29]} Ke7 {[%emt 0:01:12]} 21. Rac1 {[%emt 0:07:42]} Ke6 {[%emt 0:03:08]} 22. Bd4 {[%emt 0:00:40]} c5 {[%emt 0:00:35]} 23. Bxc5 {[%emt 0:00:46]} Rac8 {[%emt 0:00:08]} 24. Kb4 {[%emt 0:02:38]} a5+ {[%emt 0:00:08]} 0-1